[Event "Turniej Blitza na II Lidze Juniorów 2018"]
[Site "Szczyrk, Poland"]
[Date "2018.07.26"]
[Round "3.12"]
[White "Luczak, Filip"]
[Black "Poltorak, Sebastian"]
[Result "1-0"]
[TimeControl "3'+2\""]
[WhiteTitle "CM"]
[WhiteElo "1935"]
[BlackElo "1594"]

1. Nf3 {[%clk 00:03:03]} {[%emt 00:00:01]} Nf6 {[%clk 00:03:03]} {[%emt
00:00:01]} 2. g3 {[%clk 00:03:05]} b5 {[%clk 00:03:04]} 3. Bg2 {[%clk
00:03:05]} {[%emt 00:00:02]} Bb7 {[%clk 00:03:05]} 4. Na3 {[%clk 00:03:02]}
{[%emt 00:00:05]} a6 {[%clk 00:03:05]} {[%emt 00:00:02]} 5. c4 {[%clk
00:03:03]} b4 {[%clk 00:03:05]} {[%emt 00:00:02]} 6. Nc2 {[%clk 00:03:04]}
{[%emt 00:00:01]} c5 {[%clk 00:03:06]} {[%emt 00:00:01]} 7. O-O {[%clk
00:03:04]} {[%emt 00:00:02]} Nc6 {[%clk 00:03:06]} {[%emt 00:00:02]} 8. d4
{[%clk 00:03:00]} {[%emt 00:00:06]} d6 {[%clk 00:02:45]} {[%emt 00:00:23]} 9.
d5 {[%clk 00:03:00]} {[%emt 00:00:03]} Nb8 {[%clk 00:02:44]} {[%emt 00:00:03]}
10. b3 {[%clk 00:02:59]} {[%emt 00:00:02]} Nbd7 {[%clk 00:02:43]} {[%emt
00:00:03]} 11. Qd3 {[%clk 00:02:55]} {[%emt 00:00:07]} e5 {[%clk 00:02:33]}
{[%emt 00:00:11]} 12. dxe6 {[%clk 00:02:41]} {[%emt 00:00:16]} fxe6 {[%clk
00:02:33]} {[%emt 00:00:01]} 13. Bb2 {[%clk 00:01:59]} {[%emt 00:00:45]} Be4
{[%clk 00:02:20]} {[%emt 00:00:14]} 14. Qd2 {[%clk 00:01:59]} {[%emt 00:00:03]}
e5 {[%clk 00:02:04]} {[%emt 00:00:19]} 15. Ne3 {[%clk 00:01:46]} {[%emt
00:00:14]} Be7 {[%clk 00:02:01]} {[%emt 00:00:05]} 16. Rad1 {[%clk 00:01:38]}
{[%emt 00:00:10]} O-O {[%clk 00:02:00]} {[%emt 00:00:03]} 17. Nh4 {[%clk
00:01:37]} {[%emt 00:00:03]} Bxg2 {[%clk 00:02:00]} {[%emt 00:00:02]} 18. Nhxg2
{[%clk 00:01:38]} {[%emt 00:00:01]} g6 {[%clk 00:01:55]} {[%emt 00:00:07]} 19.
Nd5 {[%clk 00:01:35]} {[%emt 00:00:05]} Nxd5 {[%clk 00:01:06]} {[%emt
00:00:51]} 20. Qxd5+ {[%clk 00:01:36]} Rf7 {[%clk 00:01:01]} {[%emt 00:00:08]}
21. Ne3 {[%clk 00:01:14]} {[%emt 00:00:23]} Nf6 {[%clk 00:01:01]} {[%emt
00:00:02]} 22. Qd3 {[%clk 00:01:14]} {[%emt 00:00:02]} Qf8 {[%clk 00:00:52]}
{[%emt 00:00:11]} 23. Nd5 {[%clk 00:01:09]} {[%emt 00:00:07]} Nxd5 {[%clk
00:00:52]} {[%emt 00:00:02]} 24. Qxd5 {[%clk 00:01:10]} Rd8 {[%clk 00:00:54]}
25. Qg2 {[%clk 00:00:53]} {[%emt 00:00:19]} Rf5 {[%clk 00:00:42]} {[%emt
00:00:13]} 26. Rd3 {[%clk 00:00:45]} {[%emt 00:00:10]} Bg5 {[%clk 00:00:32]}
{[%emt 00:00:13]} 27. Rfd1 {[%clk 00:00:19]} {[%emt 00:00:28]} Be7 {[%clk
00:00:32]} {[%emt 00:00:02]} 28. Bc1 {[%clk 00:00:19]} {[%emt 00:00:02]} h5
{[%clk 00:00:23]} {[%emt 00:00:11]} 29. Be3 {[%clk 00:00:16]} {[%emt 00:00:05]}
Kh7 {[%clk 00:00:17]} {[%emt 00:00:08]} 30. h3 {[%clk 00:00:16]} {[%emt
00:00:02]} Rf7 {[%clk 00:00:08]} {[%emt 00:00:11]} 31. g4 {[%clk 00:00:13]}
{[%emt 00:00:05]} hxg4 {[%clk 00:00:06]} {[%emt 00:00:03]} 32. Qxg4 {[%clk
00:00:10]} {[%emt 00:00:06]} Qg7 {[%clk 00:00:06]} {[%emt 00:00:02]} 33. Kh1
{[%clk 00:00:07]} {[%emt 00:00:05]} Rdf8 {[%clk 00:00:06]} {[%emt 00:00:01]} 34.
Rg1 {[%clk 00:00:08]} {[%emt 00:00:01]} Rf6 {[%clk 00:00:07]} {[%emt 00:00:02]}
35. f3 {[%clk 00:00:08]} {[%emt 00:00:02]} Kg8 {[%clk 00:00:08]} {[%emt
00:00:02]} 36. Bg5 {[%clk 00:00:09]} Rf5 {[%clk 00:00:09]} 37. Bxe7 {[%clk
00:00:10]} {[%emt 00:00:01]} Qxe7 {[%clk 00:00:09]} {[%emt 00:00:02]} 38. Qxg6+
{[%clk 00:00:11]} {[%emt 00:00:01]} Kh8 {[%clk 00:00:10]} 39. Qh6+ {[%clk
00:00:11]} {[%emt 00:00:02]} Qh7 {[%clk 00:00:11]} {[%emt 00:00:02]} 40. Rg6
{[%clk 00:00:10]} {[%emt 00:00:03]} e4 {[%clk 00:00:06]} {[%emt 00:00:07]} 41.
Qxh7+ Kxh7 {[%clk 00:00:07]} 42. Rdxd6 {[%clk 00:00:07]} {[%emt 00:00:02]} exf3
{[%clk 00:00:09]} {[%emt 00:00:01]} 43. Rh6+ {[%clk 00:00:06]} {[%emt
00:00:03]} Kg7 {[%clk 00:00:10]} 44. Rhg6+ {[%clk 00:00:06]} {[%emt 00:00:02]}
Kh7 {[%clk 00:00:12]} 45. exf3 {[%clk 00:00:07]} {[%emt 00:00:01]} Rxf3 {[%clk
00:00:13]} 46. Rg2 {[%clk 00:00:07]} {[%emt 00:00:01]} Rf1+ 47. Kh2 {[%emt
00:00:02]} a5 {[%clk 00:00:14]} {[%emt 00:00:02]} 48. Ra6 {[%clk 00:00:09]}
R8f2 {[%clk 00:00:15]} {[%emt 00:00:01]} 49. Rxa5 {[%clk 00:00:07]} {[%emt
00:00:05]} Rf5 {[%clk 00:00:12]} {[%emt 00:00:04]} 50. Ra7+ {[%clk 00:00:07]}
{[%emt 00:00:02]} Kh6 {[%clk 00:00:13]} {[%emt 00:00:01]} 51. Ra6+ {[%clk
00:00:09]} Kh7 {[%clk 00:00:14]} {[%emt 00:00:01]} 52. Rd6 {[%clk 00:00:09]}
{[%emt 00:00:01]} Ra1 {[%clk 00:00:13]} {[%emt 00:00:03]} 53. Rd5 {[%clk
00:00:10]} {[%emt 00:00:01]} Rxd5 {[%clk 00:00:11]} {[%emt 00:00:04]} 54. cxd5
{[%clk 00:00:12]} Rd1 {[%clk 00:00:12]} 55. Rg5 {[%clk 00:00:13]} {[%emt
00:00:01]} Kh6 {[%clk 00:00:14]} 56. Re5 {[%clk 00:00:14]} Kg6 {[%clk
00:00:15]} 57. h4 {[%clk 00:00:08]} {[%emt 00:00:09]} Kf6 {[%clk 00:00:16]} 58.
Rg5 {[%clk 00:00:08]} {[%emt 00:00:02]} Rd2+ {[%clk 00:00:17]} {[%emt
00:00:01]} 59. Kg3 {[%clk 00:00:09]} {[%emt 00:00:01]} Rxa2 {[%clk 00:00:18]}
60. d6 {[%clk 00:00:10]} Rd2 {[%clk 00:00:19]} {[%emt 00:00:01]} 61. Rxc5
{[%clk 00:00:10]} {[%emt 00:00:02]} Rxd6 {[%clk 00:00:21]} 62. Kg4 {[%clk
00:00:07]} {[%emt 00:00:06]} Rd3 {[%clk 00:00:21]} {[%emt 00:00:01]} 63. Rf5+
{[%clk 00:00:08]} {[%emt 00:00:01]} Kg6 {[%clk 00:00:22]} 64. Rf3 {[%clk
00:00:09]} {[%emt 00:00:01]} Rd5 {[%clk 00:00:21]} {[%emt 00:00:03]} 65. Re3
{[%clk 00:00:09]} {[%emt 00:00:03]} Kf6 {[%clk 00:00:21]} {[%emt 00:00:02]} 66.
Re4 {[%clk 00:00:09]} {[%emt 00:00:01]} Rb5 {[%clk 00:00:22]} {[%emt 00:00:02]}
67. Rc4 {[%clk 00:00:10]} {[%emt 00:00:01]} Rb6 {[%clk 00:00:21]} {[%emt
00:00:02]} 68. h5 {[%clk 00:00:10]} {[%emt 00:00:03]} Rb8 {[%clk 00:00:11]}
{[%emt 00:00:11]} 69. Rc6+ {[%clk 00:00:11]} {[%emt 00:00:01]} Kf7 {[%clk
00:00:12]} {[%emt 00:00:02]} 70. Kg5 {[%clk 00:00:10]} {[%emt 00:00:03]} Rg8+
{[%clk 00:00:13]} {[%emt 00:00:01]} 71. Rg6 {[%clk 00:00:11]} Rd8 {[%clk
00:00:13]} {[%emt 00:00:03]} 72. Rb6 {[%clk 00:00:10]} {[%emt 00:00:03]} Rd4
{[%clk 00:00:14]} 73. Rb7+ {[%clk 00:00:10]} {[%emt 00:00:02]} Kg8 {[%clk
00:00:15]} {[%emt 00:00:02]} 74. h6 {[%clk 00:00:09]} {[%emt 00:00:03]} Rd5+
{[%clk 00:00:12]} {[%emt 00:00:04]} 75. Kf4 {[%clk 00:00:07]} {[%emt 00:00:05]}
Rd4+ {[%clk 00:00:12]} {[%emt 00:00:01]} 76. Ke5 {[%clk 00:00:08]} Rh4 {[%emt
00:00:02]} 77. Kd5 {[%clk 00:00:07]} {[%emt 00:00:01]} Rxh6 {[%clk 00:00:14]}
{[%emt 00:00:02]} 78. Rxb4 {[%clk 00:00:08]} {[%emt 00:00:01]} Kf7 {[%clk
00:00:15]} 79. Re4 {[%clk 00:00:09]} {[%emt 00:00:01]} Rh3 {[%clk 00:00:14]}
{[%emt 00:00:03]} 80. b4 {[%clk 00:00:10]} {[%emt 00:00:02]} Rc3 {[%clk
00:00:15]} {[%emt 00:00:01]} 81. Kd4 {[%clk 00:00:06]} {[%emt 00:00:05]} Rc7
{[%clk 00:00:15]} {[%emt 00:00:01]} 82. Re5 {[%clk 00:00:07]} {[%emt 00:00:02]}
Kf6 {[%emt 00:00:02]} 83. Rc5 {[%clk 00:00:06]} {[%emt 00:00:02]} Rb7 {[%clk
00:00:17]} {[%emt 00:00:01]} 84. Kc4 {[%clk 00:00:05]} {[%emt 00:00:03]} Ke6
{[%clk 00:00:19]} {[%emt 00:00:01]} 85. Rh5 {[%clk 00:00:04]} {[%emt 00:00:03]}
Rb8 {[%clk 00:00:10]} {[%emt 00:00:10]} 86. b5 {[%clk 00:00:04]} {[%emt
00:00:02]} Kd6 {[%clk 00:00:10]} {[%emt 00:00:02]} 87. Rh6+ {[%clk 00:00:06]}
{[%emt 00:00:01]} Kc7 {[%clk 00:00:12]} 88. Kc5 {[%clk 00:00:07]} Rg8 {[%clk
00:00:11]} {[%emt 00:00:03]} 89. Rh7+ {[%clk 00:00:09]} Kb8 {[%clk 00:00:11]}
90. Kb6 {[%clk 00:00:10]} {[%emt 00:00:01]} Rg6+ {[%clk 00:00:13]} 91. Ka5
{[%clk 00:00:10]} {[%emt 00:00:01]} Rg1 {[%clk 00:00:14]} 92. Rh8+ {[%clk
00:00:10]} {[%emt 00:00:03]} Kb7 {[%clk 00:00:15]} 93. Rh7+ {[%clk 00:00:12]}
{[%emt 00:00:01]} Kb8 {[%clk 00:00:16]} 94. Ka6 {[%clk 00:00:12]} Ra1+ {[%clk
00:00:10]} {[%emt 00:00:08]} 95. Kb6 {[%clk 00:00:14]} {[%emt 00:00:02]} Kc8
{[%clk 00:00:12]} 96. Rh8+ {[%clk 00:00:15]} Kd7 {[%clk 00:00:13]} 97. Kb7
{[%clk 00:00:16]} Rb1 {[%clk 00:00:12]} {[%emt 00:00:03]} 98. b6 {[%clk
00:00:17]} Kd6 {[%clk 00:00:12]} {[%emt 00:00:02]} 99. Rd8+ {[%clk 00:00:18]}
{[%emt 00:00:01]} Ke7 {[%clk 00:00:13]} 100. Rd2 {[%clk 00:00:19]} {[%emt
00:00:01]} 1-0

[Event "Turniej Blitza na II Lidze Juniorów 2018"]
[Site "Szczyrk, Poland"]
[Date "2018.07.26"]
[Round "3.20"]
[White "Gozdzicki, Maciej"]
[Black "Gredka, Dominika"]
[Result "1/2-1/2"]
[TimeControl "3'+2\""]
[WhiteElo "1422"]
[BlackElo "1782"]

1. d4 {[%clk 00:03:03]} {[%emt 00:03:21]} d5 {[%clk 00:03:04]} 2. c4 {[%clk
00:03:04]} e6 {[%clk 00:03:05]} 3. Nc3 {[%clk 00:03:06]} Nf6 {[%clk 00:03:06]}
4. Bg5 {[%clk 00:03:07]} Be7 {[%clk 00:03:07]} 5. Nf3 {[%clk 00:03:08]} {[%emt
00:00:05]} O-O {[%emt 00:00:02]} 6. e3 b6 {[%emt 00:00:07]} 7. cxd5 {[%clk
00:03:09]} {[%emt 00:00:01]} exd5 {[%clk 00:03:07]} 8. Rc1 {[%clk 00:03:10]}
{[%emt 00:00:01]} Bb7 {[%clk 00:03:08]} 9. Bd3 {[%clk 00:03:11]} c5 {[%clk
00:03:08]} {[%emt 00:00:01]} 10. O-O {[%clk 00:03:09]} {[%emt 00:00:04]} h6
{[%clk 00:03:09]} {[%emt 00:00:02]} 11. Bh4 {[%clk 00:03:10]} Nbd7 {[%clk
00:03:06]} {[%emt 00:00:05]} 12. Bb1 {[%clk 00:03:01]} {[%emt 00:00:11]} Rc8
{[%clk 00:03:02]} {[%emt 00:00:06]} 13. Ne5 {[%clk 00:02:46]} {[%emt 00:00:17]}
cxd4 {[%clk 00:02:54]} {[%emt 00:00:10]} 14. Nxd7 {[%clk 00:02:46]} {[%emt
00:00:03]} Nxd7 {[%clk 00:02:55]} 15. Bxe7 {[%clk 00:02:46]} {[%emt 00:00:01]}
Qxe7 {[%clk 00:02:55]} {[%emt 00:00:02]} 16. Qxd4 {[%clk 00:02:47]} {[%emt
00:00:01]} Nf6 {[%clk 00:02:54]} {[%emt 00:00:03]} 17. Rfd1 {[%clk 00:02:42]}
{[%emt 00:00:07]} Rfd8 {[%clk 00:02:52]} {[%emt 00:00:04]} 18. Ne2 {[%clk
00:02:37]} {[%emt 00:00:07]} Rxc1 19. Rxc1 {[%clk 00:02:38]} Ne4 {[%clk
00:02:40]} {[%emt 00:00:11]} 20. Nf4 {[%clk 00:02:38]} {[%emt 00:00:02]} Qh4
{[%clk 00:01:54]} {[%emt 00:00:48]} 21. g3 {[%clk 00:02:39]} Qe7 {[%clk
00:01:55]} 22. Rd1 {[%clk 00:02:41]} {[%emt 00:00:01]} Nf6 {[%clk 00:01:55]}
{[%emt 00:00:02]} 23. e4 {[%clk 00:02:25]} {[%emt 00:00:18]} Rd7 {[%clk
00:01:14]} {[%emt 00:00:42]} 24. e5 {[%clk 00:02:26]} {[%emt 00:00:01]} Ne8
{[%clk 00:01:12]} {[%emt 00:00:04]} 25. Qd3 {[%clk 00:02:23]} {[%emt 00:00:05]}
g6 {[%clk 00:01:13]} {[%emt 00:00:02]} 26. Re1 {[%clk 00:02:02]} {[%emt
00:00:23]} Ng7 {[%clk 00:01:08]} {[%emt 00:00:07]} 27. e6 {[%clk 00:01:56]}
{[%emt 00:00:07]} Rd6 {[%clk 00:01:09]} 28. exf7+ {[%clk 00:01:56]} {[%emt
00:00:02]} Qxf7 {[%clk 00:01:10]} 29. Nxg6 {[%clk 00:01:48]} {[%emt 00:00:10]}
Re6 {[%clk 00:00:51]} {[%emt 00:00:20]} 30. Rxe6 {[%clk 00:01:38]} {[%emt
00:00:13]} Qxe6 {[%clk 00:00:53]} 31. Qd2 {[%clk 00:01:33]} {[%emt 00:00:08]}
d4 {[%clk 00:00:42]} {[%emt 00:00:12]} 32. Nf4 {[%clk 00:01:29]} {[%emt
00:00:06]} Qc6 {[%clk 00:00:35]} {[%emt 00:00:09]} 33. f3 {[%clk 00:00:54]}
{[%emt 00:00:37]} Qxf3 {[%clk 00:00:35]} {[%emt 00:00:02]} 34. Qg2 {[%clk
00:00:56]} Qe3+ {[%clk 00:00:23]} {[%emt 00:00:14]} 35. Qf2 {[%clk 00:00:56]}
{[%emt 00:00:02]} Qc1+ {[%clk 00:00:23]} {[%emt 00:00:01]} 36. Qf1 {[%clk
00:00:58]} Qe3+ {[%clk 00:00:09]} {[%emt 00:00:17]} 37. Qf2 {[%clk 00:00:59]}
{[%emt 00:00:01]} Qc1+ {[%clk 00:00:07]} {[%emt 00:00:03]} 1/2-1/2

[Event "Turniej Blitza na II Lidze Juniorów 2018"]
[Site "Szczyrk, Poland"]
[Date "2018.07.26"]
[Round "3.68"]
[White "Trzebinski, Sylwester"]
[Black "Pieczewska, Jadwiga"]
[Result "1-0"]
[TimeControl "3'+2\""]
[WhiteElo "1182"]
[BlackElo "1035"]

1. e4 {[%clk 00:03:02]} e6 {[%clk 00:03:04]} {[%emt 00:00:01]} 2. Nf3 {[%clk
00:03:02]} {[%emt 00:00:02]} d5 {[%clk 00:03:05]} {[%emt 00:00:01]} 3. e5
{[%clk 00:03:01]} {[%emt 00:00:03]} c5 {[%clk 00:03:05]} {[%emt 00:00:02]} 4.
Bb5+ {[%clk 00:02:59]} {[%emt 00:00:05]} Bd7 {[%clk 00:03:04]} {[%emt
00:00:03]} 5. Bxd7+ {[%clk 00:02:55]} {[%emt 00:00:05]} Qxd7 {[%clk 00:03:04]}
{[%emt 00:00:02]} 6. c3 {[%clk 00:02:50]} {[%emt 00:00:07]} Nc6 {[%clk
00:03:04]} {[%emt 00:00:02]} 7. d4 {[%clk 00:02:49]} {[%emt 00:00:03]} cxd4
{[%clk 00:03:04]} {[%emt 00:00:02]} 8. cxd4 {[%clk 00:02:49]} {[%emt 00:00:02]}
Nge7 {[%clk 00:02:56]} {[%emt 00:00:10]} 9. O-O {[%clk 00:02:48]} {[%emt
00:00:03]} Ng6 {[%clk 00:02:57]} {[%emt 00:00:01]} 10. g3 {[%clk 00:02:44]}
{[%emt 00:00:07]} Be7 {[%clk 00:02:58]} {[%emt 00:00:01]} 11. Nc3 {[%clk
00:02:39]} {[%emt 00:00:06]} O-O {[%clk 00:02:56]} {[%emt 00:00:04]} 12. a3
{[%clk 00:02:21]} {[%emt 00:00:20]} Bd8 {[%clk 00:02:44]} {[%emt 00:00:13]} 13.
b4 {[%clk 00:02:21]} {[%emt 00:00:03]} a6 {[%clk 00:02:40]} {[%emt 00:00:06]}
14. Bg5 {[%clk 00:02:12]} {[%emt 00:00:11]} h6 {[%clk 00:02:29]} {[%emt
00:00:14]} 15. Be3 {[%clk 00:02:08]} {[%emt 00:00:06]} b5 {[%clk 00:02:21]}
{[%emt 00:00:10]} 16. h4 {[%clk 00:02:00]} {[%emt 00:00:10]} Nce7 {[%clk
00:02:07]} {[%emt 00:00:14]} 17. h5 {[%clk 00:02:00]} {[%emt 00:00:04]} Nh8
{[%clk 00:02:02]} {[%emt 00:00:07]} 18. Nh4 {[%clk 00:01:53]} {[%emt 00:00:08]}
Nf5 {[%clk 00:02:01]} {[%emt 00:00:04]} 19. Nxf5 {[%clk 00:01:42]} {[%emt
00:00:13]} exf5 {[%clk 00:02:02]} {[%emt 00:00:01]} 20. Qf3 {[%clk 00:01:31]}
{[%emt 00:00:13]} f6 {[%clk 00:01:46]} {[%emt 00:00:18]} 21. Bf4 {[%clk
00:01:24]} {[%emt 00:00:08]} fxe5 {[%clk 00:01:44]} {[%emt 00:00:04]} 22. Bxe5
{[%clk 00:01:23]} {[%emt 00:00:02]} Bf6 {[%clk 00:01:25]} {[%emt 00:00:22]} 23.
Nxd5 {[%clk 00:01:12]} {[%emt 00:00:13]} Bxe5 {[%clk 00:01:20]} {[%emt
00:00:08]} 24. dxe5 {[%clk 00:01:11]} {[%emt 00:00:02]} Qc6 {[%clk 00:00:45]}
{[%emt 00:00:34]} 25. Ne7+ {[%clk 00:01:11]} {[%emt 00:00:05]} Kh7 {[%clk
00:00:40]} {[%emt 00:00:07]} 26. Qxc6 {[%clk 00:01:10]} {[%emt 00:00:02]} 1-0

[Event "Turniej Blitza na II Lidze Juniorów 2018"]
[Site "Szczyrk, Poland"]
[Date "2018.07.26"]
[Round "3.43"]
[White "Urbanski, Wojciech"]
[Black "Wieckowski, Michal"]
[Result "1-0"]
[TimeControl "3'+2\""]
[WhiteElo "1472"]
[BlackElo "1228"]

1. e4 {[%clk 00:03:03]} {[%emt 00:01:12]} d5 {[%clk 00:03:03]} {[%emt
00:00:02]} 2. exd5 {[%clk 00:03:04]} {[%emt 00:00:01]} Nf6 {[%clk 00:03:04]} 3.
Bb5+ {[%clk 00:03:05]} {[%emt 00:00:01]} Bd7 {[%clk 00:03:05]} {[%emt
00:00:02]} 4. Be2 {[%clk 00:03:06]} Nxd5 {[%clk 00:03:04]} {[%emt 00:00:04]} 5.
d4 {[%clk 00:03:05]} {[%emt 00:00:02]} Bf5 {[%clk 00:03:04]} {[%emt 00:00:03]}
6. Nf3 {[%clk 00:02:54]} {[%emt 00:00:13]} Nc6 {[%clk 00:03:04]} {[%emt
00:00:01]} 7. a3 {[%clk 00:02:49]} {[%emt 00:00:07]} e6 {[%clk 00:03:05]}
{[%emt 00:00:02]} 8. c4 {[%clk 00:02:51]} Nf6 {[%clk 00:03:05]} 9. Nc3 {[%clk
00:02:52]} {[%emt 00:00:01]} g6 {[%clk 00:02:58]} {[%emt 00:00:09]} 10. O-O
{[%clk 00:02:51]} {[%emt 00:00:03]} Bg7 {[%clk 00:02:59]} {[%emt 00:00:01]} 11.
Be3 {[%clk 00:02:52]} O-O {[%clk 00:02:59]} {[%emt 00:00:02]} 12. b4 {[%clk
00:02:34]} {[%emt 00:00:20]} Re8 {[%clk 00:02:54]} {[%emt 00:00:07]} 13. Qd2
{[%clk 00:02:33]} {[%emt 00:00:03]} a6 {[%clk 00:02:48]} {[%emt 00:00:08]} 14.
Bh6 {[%clk 00:02:18]} {[%emt 00:00:16]} Bh8 {[%clk 00:02:44]} {[%emt 00:00:05]}
15. Rad1 {[%clk 00:02:17]} {[%emt 00:00:04]} Ng4 {[%clk 00:02:41]} {[%emt
00:00:05]} 16. Bg5 {[%clk 00:02:02]} {[%emt 00:00:16]} Qd7 {[%clk 00:02:35]}
{[%emt 00:00:09]} 17. h3 {[%clk 00:02:02]} {[%emt 00:00:02]} Nf6 {[%clk
00:02:36]} {[%emt 00:00:01]} 18. b5 {[%clk 00:01:48]} {[%emt 00:00:16]} axb5
{[%clk 00:02:36]} {[%emt 00:00:02]} 19. cxb5 {[%clk 00:01:50]} Ne7 {[%clk
00:02:25]} {[%emt 00:00:12]} 20. Ne5 {[%clk 00:01:51]} Qd8 {[%clk 00:02:22]}
{[%emt 00:00:06]} 21. g4 {[%clk 00:01:40]} {[%emt 00:00:12]} Ne4 {[%clk
00:02:02]} {[%emt 00:00:22]} 22. Nxe4 {[%clk 00:01:32]} {[%emt 00:00:10]} Bxe4
{[%clk 00:02:03]} {[%emt 00:00:01]} 23. Qf4 {[%clk 00:01:32]} {[%emt 00:00:02]}
Bxe5 {[%clk 00:01:55]} {[%emt 00:00:10]} 24. dxe5 {[%clk 00:01:33]} {[%emt
00:00:01]} Nd5 {[%clk 00:01:53]} {[%emt 00:00:04]} 25. Qxe4 {[%clk 00:01:34]}
{[%emt 00:00:02]} Qxg5 {[%clk 00:01:53]} {[%emt 00:00:02]} 26. f4 {[%clk
00:01:31]} {[%emt 00:00:05]} Qe7 {[%clk 00:01:51]} {[%emt 00:00:04]} 27. f5
{[%clk 00:01:17]} {[%emt 00:00:15]} Rxa3 {[%clk 00:01:51]} {[%emt 00:00:02]} 28.
f6 {[%clk 00:01:16]} {[%emt 00:00:03]} Qf8 {[%clk 00:01:47]} {[%emt 00:00:06]}
29. Ra1 {[%clk 00:01:00]} {[%emt 00:00:19]} Rxh3 {[%clk 00:01:39]} {[%emt
00:00:10]} 30. Bc4 {[%clk 00:01:01]} Qh6 {[%clk 00:01:32]} {[%emt 00:00:09]} 31.
Bxd5 {[%clk 00:00:59]} {[%emt 00:00:04]} exd5 {[%clk 00:01:24]} {[%emt
00:00:09]} 32. Qxd5 {[%clk 00:00:57]} {[%emt 00:00:05]} Qe3+ {[%clk 00:01:20]}
{[%emt 00:00:05]} 33. Rf2 {[%clk 00:00:44]} {[%emt 00:00:15]} Rg3+ {[%clk
00:01:12]} {[%emt 00:00:11]} 34. Kf1 {[%clk 00:00:43]} {[%emt 00:00:03]} Qxe5
{[%clk 00:01:10]} {[%emt 00:00:03]} 35. Qxe5 {[%clk 00:00:42]} {[%emt
00:00:03]} Rxe5 {[%clk 00:01:11]} {[%emt 00:00:02]} 36. Ra8+ {[%clk 00:00:43]}
Re8 {[%clk 00:01:10]} {[%emt 00:00:02]} 37. Rxe8# {[%clk 00:00:44]} {[%emt
00:00:02]} 1-0

[Event "Turniej Blitza na II Lidze Juniorów 2018"]
[Site "Szczyrk, Poland"]
[Date "2018.07.26"]
[Round "3.51"]
[White "Chodorowski, Adrian"]
[Black "Kaminski, Jakub"]
[Result "1-0"]
[TimeControl "3'+2\""]
[WhiteElo "1401"]
[BlackElo "1147"]

1. e4 {[%clk 00:02:29]} {[%emt 00:00:35]} e5 {[%clk 00:03:04]} {[%emt
00:00:02]} 2. f4 {[%clk 00:02:30]} d6 {[%clk 00:02:59]} {[%emt 00:00:06]} 3.
Nf3 {[%clk 00:02:31]} Nc6 {[%clk 00:03:00]} {[%emt 00:00:01]} 4. fxe5 {[%clk
00:02:32]} {[%emt 00:00:02]} Nxe5 {[%clk 00:03:01]} {[%emt 00:00:01]} 5. Nxe5
{[%clk 00:02:31]} {[%emt 00:00:03]} dxe5 {[%clk 00:03:01]} 6. Bc4 {[%clk
00:02:33]} {[%emt 00:00:01]} Nf6 {[%clk 00:03:01]} {[%emt 00:00:01]} 7. d3
{[%clk 00:02:31]} {[%emt 00:00:05]} Bc5 {[%clk 00:03:01]} {[%emt 00:00:02]} 8.
Qf3 {[%clk 00:02:29]} {[%emt 00:00:04]} O-O {[%clk 00:02:50]} {[%emt 00:00:12]}
9. Be3 {[%clk 00:02:30]} {[%emt 00:00:02]} Bxe3 {[%clk 00:02:50]} {[%emt
00:00:02]} 10. Qxe3 {[%clk 00:02:31]} {[%emt 00:00:01]} Bd7 {[%clk 00:02:43]}
{[%emt 00:00:06]} 11. O-O {[%clk 00:02:31]} {[%emt 00:00:04]} b5 {[%clk
00:02:40]} {[%emt 00:00:05]} 12. Bb3 {[%clk 00:02:31]} {[%emt 00:00:01]} a5
{[%clk 00:02:41]} {[%emt 00:00:02]} 13. a3 {[%clk 00:02:32]} {[%emt 00:00:01]}
a4 {[%clk 00:02:42]} 14. Ba2 {[%clk 00:02:33]} c6 {[%clk 00:02:43]} 15. Nd2
{[%clk 00:02:34]} {[%emt 00:00:02]} Qe7 {[%clk 00:02:39]} {[%emt 00:00:04]} 16.
Nf3 {[%clk 00:02:35]} {[%emt 00:00:03]} Be6 {[%clk 00:02:38]} {[%emt 00:00:03]}
17. Bxe6 {[%clk 00:02:34]} {[%emt 00:00:03]} Qxe6 {[%clk 00:02:38]} {[%emt
00:00:02]} 18. Qe2 {[%clk 00:02:20]} {[%emt 00:00:16]} h6 {[%clk 00:02:38]}
{[%emt 00:00:01]} 19. Nh4 {[%clk 00:02:15]} {[%emt 00:00:07]} g6 {[%clk
00:02:28]} {[%emt 00:00:11]} 20. Rf3 {[%clk 00:02:16]} {[%emt 00:00:03]} h5
{[%clk 00:02:20]} {[%emt 00:00:09]} 21. Raf1 {[%clk 00:02:17]} {[%emt
00:00:02]} Nd7 {[%clk 00:02:20]} {[%emt 00:00:02]} 22. Rg3 {[%clk 00:02:09]}
{[%emt 00:00:09]} c5 {[%clk 00:02:07]} {[%emt 00:00:15]} 23. Qxh5 {[%clk
00:02:09]} {[%emt 00:00:03]} b4 {[%clk 00:02:07]} {[%emt 00:00:02]} 24. Nxg6
{[%clk 00:02:02]} {[%emt 00:00:08]} fxg6 {[%clk 00:02:07]} {[%emt 00:00:02]} 25.
Rxg6+ {[%clk 00:02:03]} {[%emt 00:00:01]} Qxg6 {[%clk 00:01:43]} {[%emt
00:00:26]} 26. Qxg6+ {[%clk 00:02:06]} {[%emt 00:00:02]} 1-0